Normal view
MARC view
Entry Personal Name
001 - CONTROL NUMBER
- control field: 13424
003 - CONTROL NUMBER IDENTIFIER
- control field: TZ-ArACH
005 - DATE AND TIME OF LATEST TRANSACTION
- control field: 20130903130550.0
008 - FIXED-LENGTH DATA ELEMENTS
- fixed length control field: 130903|||a|||||| | ||| d
040 ## - CATALOGING SOURCE
- Original cataloging agency: TZ-ArACH
- Transcribing agency: TZ-ArACH
100 ## - HEADING--PERSONAL NAME
- Personal name: Koffi, Ehui Bruno.
670 ## - SOURCE DATA FOUND
- Source citation: Work cat.: (TZ-ArACH)2609: Koffi, Ehui Bruno., Pouvoir de la brousse : ni démocratie ni développement en Afrique noire sans les paysans organisés /, 1993
670 ## - SOURCE DATA FOUND
- Source citation: Work cat.: (TZ-ArACH)2609: Koffi, Ehui Bruno., Pouvoir de la brousse : ni démocratie ni développement en Afrique noire sans les paysans organisés /, 1993
